• 首页
  • 本馆介绍
  • 公告通知
  • 最新文献
  • 馆藏检索
  • 电子资源
  • 读者导购
  • 参考咨询
  • 我的图书馆
  • 登录
  • 详细信息显示
  • 放入我的书架
  • 预约/预借图书
  • 作者相关作品
  • 分类相关作品
  • 丛书相关作品
  • 出版社相关作品

书目信息

  • 表格格式
  • 工作单格式
  • 卡片格式
题名:
妈妈送给青春期女儿的私房书
    
 
作者: 晓丹 著
分册:  
出版信息: 北京   中国妇女出版社  2014.06
页数: 262页
开本: 24cm
丛书名: 爱与成长系列读本
单 册:
中图分类: G479 , G782
科图分类:
主题词: 女生--青春期--健康教育--家庭教育 , 女生 , 青春期 , 健康教育 , 家庭教育
电子资源:
ISBN: 978-7-5127-0855-6
000 01151oam2 2200325 450
001 0120141277485
005 20160606170600.09
010    @a978-7-5127-0855-6@dCNY32.80
100    @a20140701d2014 em y0chiy0110 ea
101 0  @achi
102    @aCN@b110000
105    @aa z 000yy
106    @ar
200 1  @a妈妈送给青春期女儿的私房书@9ma ma song gei qing chun qi nv er de si fang shu@e权威插图版@f晓丹著
210    @a北京@c中国妇女出版社@d2014.06
215    @a262页@c图@d24cm
225 2  @a爱与成长系列读本
330    @a本书是一本家教类图书。在青春期,女孩可能会遇到许多烦恼和困惑,妈妈正是能帮助女儿顺利度过青春期的关键人物。本书涉及女孩的生理困惑、情商培养、亲子沟通、学习生活、为人处世、健康保健、安全教育等内容,能够帮助女孩轻松解决青春期中遇到的各种问题,具有很强的实用性和指导性。
333    @a家庭教育
461  0 @12001 @a爱与成长系列读本
606 0  @a女生@x青春期@x健康教育@x家庭教育
606 0  @a女生
606 0  @a青春期
606 0  @a健康教育
606 0  @a家庭教育
690    @aG479@v5
690    @aG782@v5
701  0 @a晓丹@9xiao dan@4著
801  0 @aCN@b人天书店@c20140701
905    @b878542-47@dG479@e108@f6
    
    妈妈送给青春期女儿的私房书:权威插图版/晓丹著.-北京:中国妇女出版社,2014.06
    262页:图;24cm.-(爱与成长系列读本)
    使用对象:家庭教育
    
    ISBN 978-7-5127-0855-6:CNY32.80
    本书是一本家教类图书。在青春期,女孩可能会遇到许多烦恼和困惑,妈妈正是能帮助女儿顺利度过青春期的关键人物。本书涉及女孩的生理困惑、情商培养、亲子沟通、学习生活、为人处世、健康保健、安全教育等内容,能够帮助女孩轻松解决青春期中遇到的各种问题,具有很强的实用性和指导性。
●
相关链接 在E读中查询图书 在五车中查询图书 在当当中查询图书 在豆瓣中查询图书


正题名:妈妈送给青春期女儿的私房书     索取号:G479/108         预约/预借

序号 登录号 条形码 馆藏地/架位号 状态 备注
1 878542   208785420   第一样本阅览室/ [索取号:G479/108] 在馆    
2 878543   208785439   教育系资料室/ [索取号:G479/108] 在馆    
3 878544   208785448   教育系资料室/ [索取号:G479/108] 在馆    
4 878545   208785457   教育系资料室/ [索取号:G479/108] 在馆    
5 878546   208785466   第四借阅区/ [索取号:G479/108] 在馆    
6 878547   208785475   第四借阅区/ [索取号:G479/108] 在馆    
唐山师范学院图书馆 欢迎您!
大连网信软件有限公司© 版权所有